000 00898npm a2200265 4500
001 5123
003 ES-MaACL
005 20240618093316.0
007 hzrazu bucu
008 891024r19891884sp a b 00010 spa d
022 _a1889-8394
080 _a05(464.1 Madrid) Ilustracion Española y Americana
080 _a05(46)
245 0 3 _aLa Ilustracion Española y Americana
_b: [Microforma].
260 _aMadrid :
_bAteneo Cientifico, Literario y Artistico,
_c1989.
300 _a1 microficha :
_bnegativo.
500 _aPublicado originalmente: Madrid, 1884, n. 5 a 7.
505 8 _aArticulos relativos a la inauguracion del Ateneo
655 7 _2tgfbne
_9226866
_aRevistas
655 4 _9226864
_aRevistas de información general
710 2 _aAteneo de Madrid.
_91875
852 _aES-MaACL
_jMCF-58
_95240
_cDEPO1
942 _2udc
_cMICROFORMA
999 _c5123
_d5123